000 00718nam a2200241Ia 4500
003 OSt
005 20220925204806.0
006 a|||||r|||| 00| 0
007 ta
008 220923b |||||||| |||| 00| 0 eng d
020 _a9780670093243
037 _cGeneral Book
040 _aRTL
_cRTL
_beng
041 _2eng
_aeng
082 _aV2:51y7M93, R0
100 _aRATHORE Aakash Singh
_9268938
245 0 _aAmbedkar's preamble
_b A secret history of the constitution of India
260 _aGurgaon
_bPenguin Books
_c2020
300 _axlviii, 236p
_ccm.
500 _aBibliography: p 72-76
942 _hV2:51y7M93, R0
_cGB
_2CC
999 _c550406
_d550406